000 01094nam a22002657a 4500
003 dpl
005 20180911122236.0
008 180911b xxu||||| |||| 00| 0 eng d
010 _aB-178439
020 _c250.00
_a8187819804
035 _aB-178439
037 _bBPPD/PUB
040 _aDPL
_bHN
_c0
082 _a
_bपंकज
100 _aपंकज प्रसून
_9113381
245 _aमहाबिन्दु /
_cपंकज प्रसून
260 _aदिल्ली
_bसिप्रा बुक्स
_c2005
270 _aबी-31, दूसरा तल्ला आनंद काम्प्लेक्स, लक्ष्मी नगर
_bदिल्ली
_e110092
300 _a176पृ.
_c23सेमी (सजिल्द)
650 _aआतंकवाद -- खौफनांक दुनिया
_96610
650 _aआंतकी संगठन -- भारत
_943622
650 _aTerrorism -- Kufnak World
_9113382
650 _aTerrorist organization -- India
_992108
942 _2ddc
_cHN
_h
_mपंकज
999 _c157338
_d157338